000 00722cab a2200217 4500
001 WB3116-05
008 090401t1995 xxu||||| |||| 00| 0 eng d
035 _a(Sirsi) u57307
041 _aeng
245 _aEC approved lists
260 _c1995
350 _a0
490 _aContract Journal
_v378(6021) 20 April 1995, 6(1)
520 _aHundreds of British contractors could be thrown off the Government`s approved contractors list and barred from working in Europe if proposed amendments to European procurement legislation go ahead.
650 _aAPPROVED CONTRACTORS LIST
650 _aCONSTRUCTION COMPANIES
650 _aHARMONISATION
690 _aBUILT ENVIRONMENT
942 _n0
948 _c04/03/1997
999 _c34925
_d34925